Statistics for Adepta Sororitas - All Units (Warhammer 40,000)

Click here to take the quiz!

General Stats

  • This quiz has been taken 5 times
  • The average score is 17 of 41

Answer Stats

Answer% Correct
Battle Sisters Squad
100%
Celestine and Geminae Superia
100%
Sororitas Rhino
100%
Canoness
67%
Dialogus
67%
Ephrael Stern and Kyganil of the Bloody Tears
67%
Mortifiers
67%
Morvenn Vahl
67%
Palatine
67%
Penitent Engines
67%
Repentia Superior
67%
Battle Sanctum
33%
Castigator
33%
Celestian Sacresants
33%
Celestian Squad
33%
Crusaders
33%
Death Cult Assassins
33%
Dogmata
33%
Dominion Squad
33%
Exorcist
33%
Gotfret de Montbard
33%
Hospitaller
33%
Immolator
33%
Junith Eruita
33%
Missionary
33%
Paragon Warsuits
33%
Pious Vorne
33%
Preacher
33%
Retributor Squad
33%
Seraphim Squad
33%
Sisters Novitiate
33%
Sisters Repentia
33%
Taddeus the Purifier
33%
Triumph of Saint Katherine
33%
Uriah Jacobus
33%
Zephyrim Squad
33%
Acro-Flagellants
0%
Aestred Thurga and Agathae Dolan
0%
Arch-Confessor Kyrinov
0%
Imagifier
0%
Repressor
0%

Score Distribution

Percentile by Number Answered

Percent of People with Each Score

Your Score History

You have not taken this quiz